toutes les chansons de Lana del rey - Statistiques

Statistiques générales
  • Ce quiz a été pris 334 fois
  • Le résultat moyen est 23 sur 110
Statistiques - réponses
Réponse % Correct
born to die
77%
a & w
72%
video games
67%
love
59%
ultraviolence
56%
radio
48%
ride
47%
blue jeans
45%
norman fucking rockwell
45%
west coast
45%
Brooklyn baby
43%
cherry
43%
cinnamon girl
43%
lust for life
42%
carmen
41%
sad girl
41%
young and beautiful
40%
salvatore
39%
dark paradise
38%
national anthem
38%
honeymoon
36%
art deco
33%
lolita
32%
doin'time
30%
happiness is a butterfly
30%
love song
27%
the other woman
27%
high by the beach
26%
black beauty
25%
chemtrails over the country club
25%
diet mountain dew
24%
venice bitch
24%
old money
23%
white mustang
23%
california
22%
cruel world
22%
shades of cool
22%
blue banisters
21%
get free
21%
hope is a dangerous thing
21%
million dollar man
21%
bartender
20%
dealer
20%
florida kilos
20%
freak
20%
this is what makes us girls
20%
24
19%
fuck it i love you
19%
the greatest
19%
white dress
19%
arcadia
18%
swan song
18%
american
17%
beautiful
17%
blue velvet
17%
heroin
17%
13 beaches
16%
lucky ones
16%
without you
16%
yayo
16%
burning desire
15%
money power glory
15%
summer bummer
15%
the blackest day
15%
body electric
13%
guns and roses
13%
in my feelings
13%
living legend
13%
mariners apartment complex
13%
religion
13%
groupie love
12%
how to disappear
12%
Terrence loves you
12%
the next best American record
12%
thunder
12%
text book
11%
change
10%
did you know that
10%
don't let me be misunderstood
9%
god knows i tried
9%
tomorrow never came
9%
beautiful people beautiful problems
8%
coachella
8%
dark but just a game
8%
fucked my way up to the top
8%
let me love you like a woman
8%
off the races
8%
tulsa jesus freak
8%
yosemite
8%
black bathing suit
7%
cherry blossom
7%
for free
7%
violets for roses
7%
when the world was at war
7%
nectar of the gods
6%
snow on the beach
6%
breaking up slowly
5%
dance till we die
5%
wild at heart
5%
wildflower wildfire
5%
if you lie down with me
4%
interlude
4%
not all who wander are lost
2%
music to watch boy to
1%
once upon a time
1%
prisoner
1%
looking for america
0%
surestime sadness
0%
sweat Carolina
0%
Aucun quiz correspondant
Distribution des résultats
% des personnes avec chaque résultat
Percentile par nombre de réponses
Votre historique - résultats
Vous n’avez pas pris ce quiz